000 00404nam a22001457a 4500
020 _a9789381450949
082 _a551.6
_bMRI/CL
100 _aMrinmoy Datta
_9839
100 _aDhiman Daschaudhuri
_9840
100 _aNagachan,S.V
_9841
245 _aClimatic Variability Impacts on agriculture and Allied Sectors
260 _aNew delhi
_bNew India Publishing Agency
_c2014
300 _a365
942 _cBK
999 _c14491
_d14491